[Event "CYCC U10"]
[Site "Vancouver CAN"]
[Date "2012.07.05"]
[Round "7"]
[White "Surya, Benito"]
[Black "Madokoro, Aidan"]
[Result "0-1"]
[WhiteElo "892"]
[BlackElo "788"]
[PlyCount "104"]
[GameId "2160767909508582"]
[EventDate "2012.07.03"]
[EventType "swiss"]
[EventRounds "7"]
[EventCountry "CAN"]
[SourceTitle "EXT 2022"]
[Source "ChessBase"]
[SourceDate "2021.10.06"]
[SourceVersion "1"]
[SourceVersionDate "2021.10.06"]
[SourceQuality "1"]

1. d4 Nf6 2. Nf3 e6 3. Bf4 c5 4. e3 cxd4 5. exd4 b6 6. Nbd2 Bb7 7. Bd3 Be7 8. c3 d6 9. O-O Nbd7 10. Re1 O-O 11. Bc2 Nh5 12. Be3 f5 13. Nb3 e5 14. Bc1 Nhf6 15. dxe5 dxe5 16. Bxf5 Bxf3 17. Qxf3 Ne8 18. Bg5 Bxg5 19. Be6+ Kh8 20. Qxf8+ Nxf8 21. Rxe5 Nxe6 22. Rxe6 Kg8 23. Rae1 Qd7 24. R6e5 Bf6 25. R5e2 Rd8 26. h3 Nd6 27. Nd2 Qa4 28. a3 Re8 29. Nf3 Qb5 30. Kf1 Rxe2 31. Rxe2 Nc4 32. Ke1 Nxb2 33. Re3 Nd3+ 34. Kd2 Nxf2 35. Kc2 Qa4+ 36. Kb2 Ne4 37. h4 Bxc3+ 38. Rxc3 Nxc3 39. Kxc3 Qxa3+ 40. Kd4 b5 41. Kd5 b4 42. Ke6 b3 43. Nd4 b2 44. Nc6 b1=Q 45. Ne7+ Kf8 46. Nd5 Qe4+ 47. Kd7 Qxd5+ 48. Kc8 Qac5+ 49. Kb8 Qdc4 50. g3 Q4b4+ 51. Ka8 Qc8+ 52. Kxa7 Qbb7# 0-1

[Event "CYCC U10"]
[Site "Vancouver CAN"]
[Date "2012.07.05"]
[Round "7"]
[White "Taylor, Ashton"]
[Black "Smyth, Ryan"]
[Result "1-0"]
[WhiteElo "806"]
[BlackElo "1110"]
[PlyCount "63"]
[GameId "2160767909508583"]
[EventDate "2012.07.03"]
[EventType "swiss"]
[EventRounds "7"]
[EventCountry "CAN"]
[SourceTitle "EXT 2022"]
[Source "ChessBase"]
[SourceDate "2021.10.06"]
[SourceVersion "1"]
[SourceVersionDate "2021.10.06"]
[SourceQuality "1"]

1. c4 e5 2. g3 Nf6 3. Bg2 Nc6 4. e3 Bc5 5. a3 O-O 6. b4 Bd6 7. c5 Be7 8. d4 exd4 9. exd4 d5 10. cxd6 Qxd6 11. d5 Ne5 12. Bf4 Nfg4 13. h3 Nf6 14. Nf3 Nxf3+ 15. Qxf3 Qd7 16. O-O Nxd5 17. Qxd5 Qxd5 18. Bxd5 Bxh3 19. Bxb7 Bf5 20. Bxa8 Bf6 21. Ra2 Bd3 22. Rd2 Bxb1 23. Bg2 Bc3 24. Rd7 Bf5 25. Rxc7 Bd4 26. Bd6 Rd8 27. Bc5 Bxc5 28. bxc5 Rd1 29. Kh2 Rd2 30. Rxa7 Rc2 31. Ra8+ Bc8 32. Rxc8# 1-0

[Event "CYCC U10"]
[Site "Vancouver CAN"]
[Date "2012.07.06"]
[Round "7"]
[White "Chung, Alec"]
[Black "Reny, Alex"]
[Result "1-0"]
[WhiteElo "663"]
[BlackElo "977"]
[PlyCount "97"]
[GameId "2160767909508584"]
[EventDate "2012.07.03"]
[EventType "swiss"]
[EventRounds "7"]
[EventCountry "CAN"]
[SourceTitle "hb 2012"]

1. b3 e5 2. Bb2 Nc6 3. c4 Nf6 4. e3 d5 5. cxd5 Nxd5 6. Nc3 Be6 7. Be2 Be7 8. Nf3 f6 9. O-O O-O 10. Rc1 Qd7 11. a3 Rad8 12. d4 Nb6 13. Nb1 e4 14. Nfd2 f5 15. f3 Bd5 16. Nc3 Bg5 17. f4 Be7 18. Bc4 Nxc4 19. bxc4 Bf7 20. c5 Be8 21. Qc2 Nxd4 22. exd4 Qxd4+ 23. Kh1 Qxd2 24. Qxd2 Rxd2 25. Nd1 Bh5 26. Bc3 Rxd1 27. Rcxd1 Bxd1 28. Rxd1 Rd8 29. Rxd8+ Bxd8 30. Kg1 Be7 31. Bb4 Kf7 32. Kf2 Ke6 33. Ke3 Kd5 34. c6 Kxc6 35. Bxe7 Kb5 36. g4 fxg4 37. Kxe4 c5 38. Kd3 c4+ 39. Kc3 a5 40. f5 Ka4 41. Kxc4 b5+ 42. Kc3 h5 43. Bf8 b4+ 44. axb4 axb4+ 45. Bxb4 h4 46. Bd6 Kb5 47. Kd4 Kc6 48. Bf4 Kd7 49. Be5 1-0

[Event "CYCC U10"]
[Site "Vancouver CAN"]
[Date "2012.07.06"]
[Round "7"]
[White "Doknjas, Joshua"]
[Black "Guo, Thomas"]
[Result "1/2-1/2"]
[WhiteElo "1628"]
[BlackElo "1334"]
[PlyCount "29"]
[GameId "2160767909508585"]
[EventDate "2012.07.03"]
[EventType "swiss"]
[EventRounds "7"]
[EventCountry "CAN"]
[SourceTitle "hb 2012"]

1. e4 e6 2. d4 d5 3. Nc3 Bb4 4. exd5 exd5 5. Bd3 Nf6 6. Bg5 Nc6 7. Nge2 h6 8. Bh4 Be6 9. O-O Qd7 10. a3 Bd6 11. Nb5 a6 12. Nxd6+ Qxd6 13. Bg3 Qd7 14. c3 g5 15. f4 1/2-1/2

[Event "CYCC U10"]
[Site "Vancouver CAN"]
[Date "2012.07.06"]
[Round "7"]
[White "Fox, Dylan"]
[Black "Eirew, Milo"]
[Result "1-0"]
[WhiteElo "579"]
[BlackElo "571"]
[PlyCount "31"]
[GameId "2160767909508586"]
[EventDate "2012.07.03"]
[EventType "swiss"]
[EventRounds "7"]
[EventCountry "CAN"]
[SourceTitle "hb 2012"]

1. e4 e5 2. Nf3 Nf6 3. Bc4 Nc6 4. Ng5 h6 5. Nxf7 Qe7 6. Nxh8 Nxe4 7. Bf7+ Kd8 8. Bd5 Nc5 9. Qh5 Qg5 10. Nf7+ Ke8 11. Nxg5+ Ke7 12. Qf7+ Kd6 13. Qxf8+ Ne7 14. Nf7+ Kxd5 15. Qxe7 d6 16. Nc3+ 1-0

[Event "CYCC U10"]
[Site "Vancouver CAN"]
[Date "2012.07.06"]
[Round "7"]
[White "Gaisinsky, Adam"]
[Black "Zhang, Clark"]
[Result "1/2-1/2"]
[WhiteElo "904"]
[BlackElo "1013"]
[PlyCount "54"]
[GameId "2160767909508587"]
[EventDate "2012.07.03"]
[EventType "swiss"]
[EventRounds "7"]
[EventCountry "CAN"]
[SourceTitle "hb 2012"]

1. e4 e5 2. Nf3 Nc6 3. Bb5 Bc5 4. Nc3 a6 5. Bc4 b5 6. Bd5 Nf6 7. Bb3 d6 8. d3 O-O 9. Bg5 h6 10. Bh4 Bg4 11. h3 Bh5 12. Nd5 Bb4+ 13. c3 Ba5 14. Nxf6+ gxf6 15. Qd2 Kg7 16. Bd5 Qd7 17. b4 Bb6 18. Rd1 Rab8 19. g4 Bg6 20. d4 exd4 21. cxd4 Ne7 22. Qf4 Nxd5 23. exd5 Rbe8+ 24. Kf1 Qe7 25. Re1 Bd3+ 26. Kg2 Be4 27. Bxf6+ Qxf6 1/2-1/2

[Event "CYCC U10"]
[Site "Vancouver CAN"]
[Date "2012.07.06"]
[Round "7"]
[White "Geng, Matthew"]
[Black "Zhou, Felix"]
[Result "1/2-1/2"]
[WhiteElo "1187"]
[BlackElo "671"]
[PlyCount "127"]
[GameId "2160767909508588"]
[EventDate "2012.07.03"]
[EventType "swiss"]
[EventRounds "7"]
[EventCountry "CAN"]
[SourceTitle "hb 2012"]

1. e4 c5 2. Nf3 Nc6 3. d4 cxd4 4. Nxd4 e6 5. Nc3 d5 6. exd5 exd5 7. Bb5 Qd6 8. O-O Nf6 9. Re1+ Be7 10. h3 O-O 11. Qf3 Nxd4 12. Qd3 Ne6 13. Be3 Bd8 14. Rad1 Bc7 15. g3 Nh5 16. f4 Nexf4 17. gxf4 Nxf4 18. Bxf4 Qxf4 19. Re2 Qg5+ 20. Rg2 Bb6+ 21. Kh1 Qh4 22. Rg3 Bc7 23. Rf3 Bg4 24. Rg1 Bxf3+ 25. Qxf3 g6 26. Nxd5 Be5 27. Bf1 Rac8 28. c3 Rc6 29. Rg4 Qd8 30. h4 Bb8 31. h5 Qd6 32. Qg2 Re8 33. Rd4 Re1 34. Ne3 Qf6 35. h6 Rd6 36. Kg1 Rxd4 37. Qf2 Qg5+ 38. Ng2 Qxh6 39. Qxe1 Bh2+ 40. Kf2 Rf4+ 41. Ke3 Qh3+ 42. Kd2 Qd7+ 43. Kc1 Qf5 44. Nxf4 Bxf4+ 45. Kd1 Qb1+ 46. Ke2 Qc2+ 47. Kf3 Qh2 48. Bc4 Bd6 49. Qe8+ Kg7 50. Qxf7+ Kh6 51. Qe6 Qh5+ 52. Ke4 Qh1+ 53. Kd3 Qd1+ 54. Ke4 Qe1+ 55. Kd5 Qd2+ 56. Ke4 Qg2+ 57. Kd4 Qd2+ 58. Bd3 Qf2+ 59. Kd5 Qc5+ 60. Ke4 Qc6+ 61. Qd5 Qe8+ 62. Kd4 Qh8+ 63. Kc4 Qc8+ 64. Kb3 1/2-1/2

[Event "CYCC U10"]
[Site "Vancouver CAN"]
[Date "2012.07.06"]
[Round "7"]
[White "Jing, Ryan"]
[Black "Hua, Eugene"]
[Result "1-0"]
[WhiteElo "913"]
[BlackElo "810"]
[PlyCount "101"]
[GameId "2160767909508589"]
[EventDate "2012.07.03"]
[EventType "swiss"]
[EventRounds "7"]
[EventCountry "CAN"]
[SourceTitle "hb 2012"]

1. e4 e5 2. Nf3 Nc6 3. Bc4 h6 4. Nc3 Nf6 5. d3 Bb4 6. a3 Bxc3+ 7. bxc3 d6 8. h3 O-O 9. d4 Be6 10. Bxe6 fxe6 11. Qd3 exd4 12. cxd4 e5 13. Bb2 Qe7 14. dxe5 dxe5 15. Qb3+ Rf7 16. Qxb7 Rb8 17. Qxc6 Rxb2 18. Qa8+ Rf8 19. Qxa7 Rxc2 20. O-O Nxe4 21. Qb7 Nc5 22. Qd5+ Qe6 23. Qxe6+ Nxe6 24. Nxe5 Ra8 25. a4 Rc5 26. Rfe1 Nd8 27. Re4 Rca5 28. Nf3 Nf7 29. Re7 c5 30. Rc7 Nd6 31. Rc6 Nc4 32. Ra2 R8a6 33. Rc8+ Kh7 34. Kf1 Nb6 35. Rc2 Nxa4 36. Ne5 Ra8 37. Rc6 R8a6 38. Rc8 Rd6 39. Rc7 Rd5 40. Nd7 Kg6 41. Rc6+ Kh7 42. Rc7 Rb5 43. Nf6+ Kg6 44. Nxd5 Kf5 45. Nc3 Nxc3 46. Rxc3 Rb1+ 47. Ke2 Rb2+ 48. Kd3 Rxf2 49. Rf7+ Ke5 50. Rxf2 Kd5 51. Rf5+ 1-0

[Event "CYCC U10"]
[Site "Vancouver CAN"]
[Date "2012.07.06"]
[Round "7"]
[White "Ju, Lawrence"]
[Black "Tolentino, Patrick Angelo"]
[Result "0-1"]
[WhiteElo "1108"]
[BlackElo "1112"]
[PlyCount "46"]
[GameId "2160767909508590"]
[EventDate "2012.07.03"]
[EventType "swiss"]
[EventRounds "7"]
[EventCountry "CAN"]
[SourceTitle "EXT 2022"]
[Source "ChessBase"]
[SourceDate "2021.10.06"]
[SourceVersion "1"]
[SourceVersionDate "2021.10.06"]
[SourceQuality "1"]

1. d4 d5 2. c4 e5 3. dxe5 d4 4. Nf3 Nc6 5. e3 Bb4+ 6. Bd2 dxe3 7. fxe3 Bxd2+ 8. Nbxd2 Qe7 9. Nb3 Bg4 10. Be2 Nxe5 11. Nxe5 Bxe2 12. Qxe2 Qxe5 13. O-O Nf6 14. Rad1 O-O 15. Nd4 Rfe8 16. Rf3 Ng4 17. Rg3 Nxe3 18. Rxe3 Qxe3+ 19. Qxe3 Rxe3 20. Nb5 c6 21. Nxa7 g6 22. Nxc6 bxc6 23. Rd6 Rxa2 0-1

[Event "CYCC U10"]
[Site "Vancouver CAN"]
[Date "2012.07.06"]
[Round "7"]
[White "Novakovic, David"]
[Black "Butchart, Brian"]
[Result "1-0"]
[WhiteElo "767"]
[BlackElo "649"]
[PlyCount "73"]
[GameId "2160767909508591"]
[EventDate "2012.07.03"]
[EventType "swiss"]
[EventRounds "7"]
[EventCountry "CAN"]
[SourceTitle "hb 2012"]

1. e4 c5 2. c3 e6 3. d4 cxd4 4. cxd4 Qc7 5. Nc3 a6 6. Nf3 d6 7. Bf4 Nd7 8. e5 dxe5 9. Nxe5 Nxe5 10. Bxe5 Bd6 11. Bxg7 f6 12. Bxh8 h6 13. d5 exd5 14. Qxd5 Bb4 15. Qxg8+ Kd7 16. Qf7+ Kd8 17. Bxf6+ Be7 18. Bxe7+ Kd7 19. O-O-O+ Kc6 20. Rd6+ Kc5 21. Rd7+ Kc6 22. Rxc7+ Kxc7 23. Bg5+ Kd6 24. Bxh6 Be6 25. Bf8+ Ke5 26. f4+ Kd4 27. Bg7+ Kc5 28. Qxe6 Rd8 29. Qe7+ Kc6 30. Qxd8 b5 31. Nxb5 axb5 32. Bxb5+ Kxb5 33. Qc7 Kb4 34. Rd1 Kb5 35. Rd6 Kb4 36. Rb6+ Ka5 37. Qa7# 1-0

[Event "CYCC U10"]
[Site "Vancouver CAN"]
[Date "2012.07.06"]
[Round "7"]
[White "Pulfer, Luke"]
[Black "Talukdar, Rohan"]
[Result "1/2-1/2"]
[WhiteElo "1667"]
[BlackElo "1254"]
[PlyCount "81"]
[GameId "2160767909508592"]
[EventDate "2012.07.03"]
[EventType "swiss"]
[EventRounds "7"]
[EventCountry "CAN"]
[SourceTitle "EXT 2022"]
[Source "ChessBase"]
[SourceDate "2021.10.06"]
[SourceVersion "1"]
[SourceVersionDate "2021.10.06"]
[SourceQuality "1"]

1. d4 Nf6 2. c4 e6 3. Nc3 d5 4. e3 c5 5. Nf3 Nc6 6. Be2 Be7 7. O-O O-O 8. b3 Ne4 9. Bb2 cxd4 10. exd4 Bf6 11. Qd3 Nb4 12. Qd1 b6 13. a3 Nc6 14. Re1 Bb7 15. Bd3 Nxc3 16. Bxc3 dxc4 17. Bxc4 Ne7 18. Ne5 Nd5 19. Bb2 Qe7 20. Qg4 a6 21. a4 Rfd8 22. Ba3 Qe8 23. h3 b5 24. Bd3 Bxe5 25. dxe5 Nc3 26. Bd6 Qc6 27. Rac1 Rac8 28. f3 bxa4 29. bxa4 Qb6+ 30. Kh2 Rxd6 31. Bxh7+ Kf8 32. exd6 Qxd6+ 33. Kh1 Qc5 34. Red1 Qc4 35. Qxc4 Rxc4 36. Rd3 Rxa4 37. Rcxc3 g6 38. Ra3 Rc4 39. Rxa6 Kg7 40. Raa3 Rc1+ 41. Kh2 1/2-1/2

[Event "CYCC U10"]
[Site "Vancouver CAN"]
[Date "2012.07.06"]
[Round "7"]
[White "Su, Michael"]
[Black "Ming, Wenyang"]
[Result "0-1"]
[WhiteElo "1468"]
[BlackElo "1324"]
[PlyCount "110"]
[GameId "2160767909508593"]
[EventDate "2012.07.03"]
[EventType "swiss"]
[EventRounds "7"]
[EventCountry "CAN"]
[SourceTitle "hb 2012"]

1. e4 c5 2. Nc3 Nc6 3. g3 g6 4. Bg2 Bg7 5. d3 d6 6. f4 e6 7. Be3 Nd4 8. Nf3 d5 9. Bxd4 cxd4 10. Ne2 Ne7 11. Qd2 Qb6 12. Rb1 Bd7 13. g4 O-O 14. Ng3 dxe4 15. dxe4 f5 16. gxf5 exf5 17. e5 Bc6 18. O-O d3+ 19. Kh1 dxc2 20. Qxc2 Rac8 21. Qf2 Qb4 22. Qd4 Qxd4 23. Nxd4 Bxg2+ 24. Kxg2 Nd5 25. Kf3 Rc4 26. Rfd1 Bh6 27. Nge2 Rd8 28. b3 Rc3+ 29. Nxc3 Nxc3 30. Rbc1 Nxd1 31. Rxd1 Bf8 32. Ke2 Bc5 33. Ne6 Rxd1 34. Kxd1 Bg1 35. h3 b6 36. Ke2 a5 37. Ng5 h6 38. Nf3 Bc5 39. Kd3 Kf7 40. Nd4 Bxd4 41. Kxd4 g5 42. Ke3 b5 43. Kf3 gxf4 44. Kxf4 Ke6 45. a3 a4 46. bxa4 bxa4 47. h4 h5 48. Kg5 Kxe5 49. Kxh5 Kf6 50. Kh6 f4 51. h5 f3 52. Kh7 f2 53. h6 f1=Q 54. Kh8 Qd3 55. h7 Qd8# 0-1

[Event "CYCC U10"]
[Site "Vancouver CAN"]
[Date "2012.07.06"]
[Round "7"]
[White "Tang, Qiwen"]
[Black "Rodzik, Cameron"]
[Result "1-0"]
[WhiteElo "474"]
[BlackElo "593"]
[PlyCount "43"]
[GameId "2160767909508594"]
[EventDate "2012.07.03"]
[EventType "swiss"]
[EventRounds "7"]
[EventCountry "CAN"]
[SourceTitle "hb 2012"]

1. e4 e5 2. Nf3 Nf6 3. Bd3 Nc6 4. b3 d5 5. Qe2 dxe4 6. Bxe4 Nxe4 7. Qxe4 Bc5 8. Nxe5 Nxe5 9. Qxe5+ Be7 10. Qb5+ Bd7 11. Qe2 a6 12. O-O Bb5 13. d3 O-O 14. c4 Bc6 15. Bb2 Qd6 16. Qg4 Qh6 17. Re1 Bb4 18. Re5 Bc3 19. Nxc3 Rad8 20. Rh5 Qf6 21. Nd1 Qe7 22. Qxg7# 1-0

[Event "CYCC U10"]
[Site "Vancouver CAN"]
[Date "2012.07.06"]
[Round "7"]
[White "Thomson, Noah"]
[Black "Low, Ethan"]
[Result "0-1"]
[WhiteElo "622"]
[BlackElo "843"]
[PlyCount "62"]
[GameId "2160767909508595"]
[EventDate "2012.07.03"]
[EventType "swiss"]
[EventRounds "7"]
[EventCountry "CAN"]
[SourceTitle "hb 2012"]

1. b3 d5 2. e3 e5 3. d4 e4 4. c4 c6 5. c5 b6 6. Bb2 bxc5 7. dxc5 Nf6 8. Bxf6 Qxf6 9. Na3 Bxc5 10. Ne2 Bb4+ 11. Nc3 Bxc3+ 12. Ke2 Bg4+ 13. f3 exf3+ 14. Kf2 fxg2+ 15. Kxg2 Bxd1 16. Rxd1 Qg5+ 17. Kf2 Qh4+ 18. Ke2 Qg4+ 19. Kd3 Qxd1+ 20. Kxc3 Qf3 21. Nb5 cxb5 22. Rg1 Qxe3+ 23. Bd3 d4+ 24. Kc2 Qf2+ 25. Kd1 Qxg1+ 26. Bf1 Qxf1+ 27. Kd2 O-O 28. h3 Nc6 29. a3 Qf2+ 30. Kd1 Rfe8 31. Kc1 Re1# 0-1

[Event "CYCC U10"]
[Site "Vancouver CAN"]
[Date "2012.07.06"]
[Round "7"]
[White "Wang, Tim"]
[Black "Ghodsi, Soroush"]
[Result "0-1"]
[WhiteElo "768"]
[BlackElo "960"]
[PlyCount "53"]
[GameId "2160767909508596"]
[EventDate "2012.07.03"]
[EventType "swiss"]
[EventRounds "7"]
[EventCountry "CAN"]
[SourceTitle "hb 2012"]

1. e4 Nf6 2. e5 Nd5 3. d4 d6 4. c3 Nc6 5. f4 g6 6. g3 Bf5 7. Bg2 Nb6 8. Nd2 Bg7 9. Bxc6+ bxc6 10. Qe2 Rb8 11. g4 Bd7 12. Ne4 O-O 13. Nh3 Qc8 14. Rg1 h5 15. gxh5 Bxh3 16. Qe3 Nc4 17. Qg3 Bf5 18. hxg6 Bxe4 19. gxf7+ Rxf7 20. e6 Qxe6 21. f5 Qxf5 22. Bh6 Qf6 23. Bxg7 Rxg7 24. Qf2 Qxf2+ 25. Kxf2 Rxb2+ 26. Kf1 Ne3+ 27. Ke1 0-1

[Event "CYCC U10"]
[Site "Vancouver CAN"]
[Date "2012.07.06"]
[Round "7"]
[White "Zhang, Zhehai"]
[Black "Yie, Kevin Yi Xiao"]
[Result "1/2-1/2"]
[WhiteElo "1301"]
[BlackElo "1670"]
[PlyCount "140"]
[GameId "2160767909508597"]
[EventDate "2012.07.03"]
[EventType "swiss"]
[EventRounds "7"]
[EventCountry "CAN"]
[SourceTitle "EXT 2022"]
[Source "ChessBase"]
[SourceDate "2021.10.06"]
[SourceVersion "1"]
[SourceVersionDate "2021.10.06"]
[SourceQuality "1"]

1. e4 e5 2. Nf3 Nc6 3. Bc4 Bc5 4. O-O Nf6 5. d3 d6 6. h3 h6 7. c3 O-O 8. Bb3 Be6 9. Bc2 Bb6 10. Nbd2 Ne7 11. Re1 c6 12. Nf1 Bc7 13. Ng3 Re8 14. Nh4 Qc8 15. Kh2 d5 16. Qf3 Nh7 17. Qh5 d4 18. Bxh6 gxh6 19. Qxh6 Kh8 20. Nh5 Rg8 21. Nf6 Rg7 22. Nxh7 Rxh7 23. Qf6+ Kg8 24. Qxe7 Bd8 25. Nf5 Bxf5 26. Qe8+ Kg7 27. Qxe5+ Kg8 28. Qxf5 Qb8+ 29. Kg1 dxc3 30. bxc3 Rg7 31. Rad1 Bb6 32. d4 Qc7 33. Qf3 Rd8 34. Bb3 c5 35. d5 c4 36. Bc2 Qe5 37. Rb1 Rg3 38. Qe2 Qg7 39. Qf1 Rxh3 40. Qxc4 Rxc3 41. Qe2 Rh3 42. Rb3 Rh4 43. g3 Rh6 44. Kg2 Qh8 45. Qg4+ Kf8 46. Rf1 Rh2+ 47. Kf3 Qf6+ 48. Qf4 Qd4 49. Ke2 Rc8 50. Bd3 Bc7 51. Qe3 Qf6 52. Qc5+ Kg7 53. Rxb7 Qd8 54. Qd4+ Kf8 55. Qxa7 Ra8 56. Qc5+ Bd6 57. Qc4 Bxg3 58. d6 Qf6 59. Qc5 Bxd6 60. Qc2 Bg3 61. Ke1 Be5 62. Qc5+ Bd6 63. Rxf7+ Kxf7 64. Qd5+ Ke7 65. Qxa8 Qc3+ 66. Ke2 Qb2+ 67. Kd1 Bb4 68. Qa7+ Kf6 69. Qa6+ Kg7 70. Qa7+ Kh6 1/2-1/2

[Event "CYCC U10"]
[Site "Vancouver CAN"]
[Date "2012.07.06"]
[Round "7"]
[White "Zhao, Yue Tong (Davy)"]
[Black "Chen, Philip"]
[Result "1-0"]
[WhiteElo "1789"]
[BlackElo "1217"]
[PlyCount "43"]
[GameId "2160767909508598"]
[EventDate "2012.07.03"]
[EventType "swiss"]
[EventRounds "7"]
[EventCountry "CAN"]
[SourceTitle "hb 2012"]

1. e4 e5 2. Nf3 Nc6 3. Bc4 Bc5 4. c3 Nf6 5. d4 exd4 6. cxd4 Bb6 7. e5 Qe7 8. O-O Ng4 9. h3 Nh6 10. Re1 Qd8 11. d5 Nb4 12. Bg5 f6 13. exf6+ Kf7 14. Ne5+ Kf8 15. fxg7+ Kxg7 16. Bxd8 Rxd8 17. Qd2 Ba5 18. Qg5+ Kf8 19. Qxd8+ Kg7 20. Qe7+ Kg8 21. d6+ Kh8 22. Qf6# 1-0

[Event "CYCC U10 w"]
[Site "Vancouver CAN"]
[Date "2012.07.03"]
[Round "1"]
[White "Armstrong, Riley"]
[Black "Yu, Rinna"]
[Result "0-1"]
[WhiteElo "450"]
[BlackElo "809"]
[PlyCount "50"]
[GameId "2160767909508599"]
[EventDate "2012.07.03"]
[EventType "swiss"]
[EventRounds "7"]
[EventCountry "CAN"]
[SourceTitle "hb 2012"]

1. e3 d5 2. Bb5+ c6 3. Ba4 b5 4. Bb3 e5 5. Qh5 Nd7 6. f4 exf4 7. exf4 Ngf6 8. Qh4 Be7 9. c4 bxc4 10. Ba4 Bb7 11. Nf3 O-O 12. b3 Nc5 13. Ne5 Nfd7 14. Qh5 Nxe5 15. fxe5 Nd3+ 16. Kd1 Nf2+ 17. Ke1 Nxh1 18. bxc4 dxc4 19. Qf3 Qd4 20. Bb2 Qxb2 21. d3 Qxa1 22. Bxc6 Qxb1+ 23. Ke2 Bxc6 24. Qxc6 Qxd3+ 25. Ke1 Bb4# 0-1

[Event "CYCC U10 w"]
[Site "Vancouver CAN"]
[Date "2012.07.03"]
[Round "1"]
[White "Botez, Andrea"]
[Black "Lemieux, Gabrielle"]
[Result "1-0"]
[WhiteElo "1034"]
[BlackElo "579"]
[PlyCount "21"]
[GameId "2160767909508600"]
[EventDate "2012.07.03"]
[EventType "swiss"]
[EventRounds "7"]
[EventCountry "CAN"]
[SourceTitle "hb 2012"]

1. Nf3 Nc6 2. d4 d5 3. e3 e6 4. c4 dxc4 5. Bxc4 Bb4+ 6. Nc3 Ba5 7. O-O Bd7 8. a3 Nge7 9. b4 Bb6 10. Ne4 a5 11. b5 1-0

[Event "CYCC U10 w"]
[Site "Vancouver CAN"]
[Date "2012.07.03"]
[Round "1"]
[White "Kaneshalingam, Mathanhe"]
[Black "Tao, Ellen"]
[Result "1-0"]
[WhiteElo "1157"]
[BlackElo "748"]
[PlyCount "85"]
[GameId "2160767909508601"]
[EventDate "2012.07.03"]
[EventType "swiss"]
[EventRounds "7"]
[EventCountry "CAN"]
[SourceTitle "hb 2012"]

1. d4 d5 2. c4 dxc4 3. Nc3 Nf6 4. e4 Nc6 5. Nf3 Bg4 6. Be3 e6 7. a3 Be7 8. Bxc4 O-O 9. Bb3 Re8 10. Bc2 h6 11. e5 Nh7 12. Qd3 Bf5 13. Qd2 Bxc2 14. Qxc2 Bg5 15. Rd1 Bxe3 16. fxe3 Ng5 17. O-O Nxf3+ 18. Rxf3 Qe7 19. Rdf1 Rf8 20. Qf2 Nd8 21. Rg3 f5 22. exf6 Qd7 23. Qc2 Qf7 24. Rxg7+ Qxg7 25. fxg7 Rxf1+ 26. Kxf1 Kxg7 27. Qe4 Kf7 28. Qf4+ Ke7 29. Qxc7+ Ke8 30. Qh7 Kf8 31. Qxh6+ Ke7 32. Nb5 Rc8 33. Qh7+ Ke8 34. Nd6+ Kf8 35. Nxc8 Nc6 36. Qxb7 Na5 37. Qe7+ Kg8 38. Qxe6+ Kf8 39. Qe7+ Kg8 40. h4 Kh8 41. h5 Kg8 42. h6 Kh8 43. Qg7# 1-0

[Event "CYCC U10 w"]
[Site "Vancouver CAN"]
[Date "2012.07.03"]
[Round "1"]
[White "Nguyen, An"]
[Black "Zhang, Jeannie"]
[Result "1/2-1/2"]
[WhiteElo "1235"]
[BlackElo "1027"]
[PlyCount "48"]
[GameId "2160767909508602"]
[EventDate "2012.07.03"]
[EventType "swiss"]
[EventRounds "7"]
[EventCountry "CAN"]
[SourceTitle "hb 2012"]

1. e4 c5 2. Nf3 d6 3. d4 cxd4 4. Nxd4 g6 5. Nc3 Bg7 6. Be2 Nf6 7. O-O O-O 8. Be3 Nc6 9. Nb3 Qc7 10. f4 b6 11. Bf3 Bb7 12. Qe2 Rad8 13. Rad1 Rfe8 14. Qf2 Rd7 15. f5 Ne5 16. fxg6 fxg6 17. Bd4 Nxf3+ 18. Qxf3 Rf8 19. Qd3 Rdd8 20. Nb5 Qb8 21. Nc3 Qc7 22. Nb5 Qb8 23. Nc3 Qc7 24. Nb5 Qb8 1/2-1/2

[Event "CYCC U10 w"]
[Site "Vancouver CAN"]
[Date "2012.07.03"]
[Round "1"]
[White "Pulfer, Rachel"]
[Black "Birarov, Nicole"]
[Result "1/2-1/2"]
[WhiteElo "791"]
[BlackElo "1382"]
[PlyCount "69"]
[GameId "2160767909508604"]
[EventDate "2012.07.03"]
[EventType "swiss"]
[EventRounds "7"]
[EventCountry "CAN"]
[SourceTitle "EXT 2022"]
[Source "ChessBase"]
[SourceDate "2021.10.06"]
[SourceVersion "1"]
[SourceVersionDate "2021.10.06"]
[SourceQuality "1"]

1. e4 d5 2. exd5 Nf6 3. Nc3 Nxd5 4. Nf3 Nc6 5. Bc4 e6 6. O-O Bc5 7. d4 Bb4 8. a3 Nxc3 9. bxc3 Bxc3 10. Rb1 Nxd4 11. Nxd4 Bxd4 12. Be3 Bxe3 13. Qxd8+ Kxd8 14. Rbd1+ Ke7 15. fxe3 b6 16. Rd4 Bb7 17. Rdf4 Rad8 18. Rxf7+ Ke8 19. Bxe6 g6 20. Rxc7 Ba6 21. Bf7+ Kf8 22. Bc4+ Ke8 23. Bxa6 Ra8 24. Rf6 g5 25. Bb5+ Kd8 26. Rff7 Rg8 27. Rcd7+ Kc8 28. e4 Rb8 29. Ba6+ Rb7 30. Bxb7+ Kb8 31. Rc7 a5 32. e5 h5 33. e6 Re8 34. e7 Kxc7 35. Rf5 1/2-1/2

[Event "CYCC U10 w"]
[Site "Vancouver CAN"]
[Date "2012.07.03"]
[Round "1"]
[White "Seyfi, Agata"]
[Black "Zhou, Lily"]
[Result "0-1"]
[WhiteElo "596"]
[BlackElo "1076"]
[PlyCount "44"]
[GameId "2160767909508605"]
[EventDate "2012.07.03"]
[EventType "swiss"]
[EventRounds "7"]
[EventCountry "CAN"]
[SourceTitle "EXT 2022"]
[Source "ChessBase"]
[SourceDate "2021.10.06"]
[SourceVersion "1"]
[SourceVersionDate "2021.10.06"]
[SourceQuality "1"]

1. c4 f5 2. d4 Nf6 3. Nc3 e6 4. Bg5 Bb4 5. Qd2 O-O 6. a3 Bxc3 7. Qxc3 Qe8 8. e3 Ne4 9. Qc1 Nxg5 10. Ne2 d6 11. Ng3 e5 12. Be2 Nd7 13. Qc3 Nf6 14. f3 f4 15. h4 Nxf3+ 16. Bxf3 fxg3 17. O-O e4 18. Bd1 Ng4 19. Qb3 Rxf1+ 20. Kxf1 Qf7+ 21. Kg1 Qf2+ 22. Kh1 Qf1# 0-1

[Event "CYCC U10 w"]
[Site "Vancouver CAN"]
[Date "2012.07.03"]
[Round "1"]
[White "Zhou, Annika"]
[Black "Millar, Sophia"]
[Result "1-0"]
[WhiteElo "1003"]
[BlackElo "636"]
[PlyCount "65"]
[GameId "2160767909508606"]
[EventDate "2012.07.03"]
[EventType "swiss"]
[EventRounds "7"]
[EventCountry "CAN"]
[SourceTitle "hb 2012"]

1. e4 e5 2. Nf3 Nc6 3. Bb5 Bc5 4. O-O d6 5. c3 Nf6 6. d4 exd4 7. cxd4 Bxd4 8. Nxd4 Nh5 9. Qxh5 O-O 10. Nxc6 bxc6 11. Bxc6 Qe7 12. Bxa8 Bd7 13. Bd5 c6 14. Bb3 Qxe4 15. Nc3 Qd4 16. Be3 Qf6 17. Qg5 Qg6 18. Qxg6 hxg6 19. Rfd1 c5 20. Rxd6 Rd8 21. Rad1 c4 22. Bxc4 Kf8 23. Rxd7 Ke8 24. Rxd8+ Ke7 25. R1d7+ Kf6 26. Rxf7+ Ke5 27. Re7+ Kf6 28. Nd5+ Kf5 29. Rf8+ Kg4 30. Rxg7 a5 31. Rxg6+ Kh5 32. Bd3 a4 33. Rh8# 1-0